| 000 | 01497nam0a2200349 4500 | ||
|---|---|---|---|
| 001 | RU\NLR\bibl\801365 | ||
| 005 | 20250614125700.0 | ||
| 010 |
_a5-7793-0801-2 _910000 |
||
| 021 |
_aRU _b2005-7324 _9377 |
||
| 035 | _a(NLR Aleph) 000790535 | ||
| 090 |
_a1118853 _c1118853 |
||
| 100 | _a20050519d2005 |||y0rusy50 ca | ||
| 101 | 0 | _arus | |
| 102 | _aRU | ||
| 105 | _aa ||||||||| | ||
| 200 | 1 |
_aСказка о художнике и машине времени. Илья Репин _e[для чтения взрослыми детям _fВинокурова Светлана Валерьевна] |
|
| 210 |
_aМосква _cБелый город _d[2005] |
||
| 215 |
_a10, [2] с. _cцв. ил. _d26 |
||
| 225 | 1 |
_aПроект "Энциклопедия малыша" _iСерия "Сказки о художниках" |
|
| 300 | _aВ вып. дан. загл.: Сказка о художнике и машине времени. Илья Ефимович Репин (1844-1930) | ||
| 300 | _aАвт. указан в вып.дан. | ||
| 517 | 0 | _aИлья Репин | |
| 517 | 0 | _aСказка о художнике и машине времени. Илья Ефимович Репин (1844-1930) | |
| 686 |
_aШ9 _bЩ |
||
| 700 | 1 |
_aВинокурова _bС. В. _gСветлана Валерьевна _4070 |
|
| 801 | 0 |
_aRU _bNLR _c20050519 _grcr |
|
| 801 | 1 |
_aRU _bNLR _c20050519 |
|
| 942 | _cBOOK | ||
| 980 | _aNB | ||